Vlaanderen... of Wallonië? - Statistieken

Algemene statistieken
  • Deze quiz is 1.623 keer genomen
  • De gemiddelde score is 9 van 15
Antwoordstatistieken
Vraag Antwoord % Correct
Is rijker (GDP per capita) Vlaanderen
94%
Heeft meer inwoners Vlaanderen
93%
Waar de stad Spa ligt Wallonië
86%
Is het meest tweetalig (Frans/Nederlands) Vlaanderen
84%
Heeft een provincie die Luxemburg heet Wallonië
84%
Bevat de Duitstalige gemeenschap in België Wallonië
82%
Heeft een groter oppervlakte Wallonië
65%
Stemt voornamelijk links Wallonië
65%
Heeft de meeste provincies Gelijk aantal
53%
Zijn naam komt voor in teksten uit de Middeleeuwen Vlaanderen
49%
De rattachismebeweging wil dit deel van België afscheiden en bij een aangrenzend land aansluiten Wallonië
44%
Is volledig aaneengesloten (geen exclaves) Geen van beide
43%
Grenst aan zowel Nederland als Frankrijk Beide
31%
Waar 1 van de 5 "Monumenten van het Fietsen" jaarlijks plaatsvindt Beide
26%
Brussel is zijn hoofdstad Vlaanderen
16%
Geen overeenkomende quizzen gevonden
Scoreverdeling
Procent van Mensen met Elke Score
Percentiel versus Aantal Correcte Antwoorden
Uw Scoregeschiedenis
U heeft deze quiz nog niet genomen